[Event "Chigorin Memorial 30th"]
[Site "St Petersburg"]
[Date "2023.10.28"]
[Round "8"]
[White "Vlasenko, Miroslav"]
[Black "Efimov, Leonid"]
[Result "0-1"]
[WhiteElo "2371"]
[BlackElo "2080"]
[PlyCount "84"]
[EventDate "2023.10.21"]
[EventType "swiss"]
[EventRounds "9"]
[EventCountry "RUS"]
[SourceTitle "Mega2024 Update 01"]
[Source "Chessbase"]
[SourceDate "2023.11.12"]
[SourceVersion "1"]
[SourceVersionDate "2023.11.12"]
[SourceQuality "1"]

1. d4 d5 2. Bf4 c5 3. e3 Nc6 4. Nf3 Nf6 5. Nbd2 Bg4 6. c3 e6 7. Qa4 Bxf3 8. Nxf3 a6 9. Ne5 Rc8 10. Be2 c4 11. 0-0 Be7 12. b3 Qa5 13. Qxa5 Nxa5 14. b4 Nc6 15. Bf3 Rg8 16. h3 g5 17. Bh2 h5 18. Bd1 g4 19. hxg4 hxg4 20. Nxc6 Rxc6 21. Ba4 b5 22. Bc2 Nh5 23. e4 Bg5 24. a4 g3 25. fxg3 Be3+ 26. Kh1 e5 27. Rf3 exd4 28. axb5 Rh6 29. Rxa6 d3 30. Ba4 Bb6 31. exd5 Rg4 32. Rxb6 Rxb6 33. Re3+ Kd7 34. Bd1 Nf6 35. Bg1 Rb8 36. Bf2 Rg5 37. d6 Kxd6 38. Rf3 Ne4 39. Bd4 Ra8 40. Kh2 Rh5+ 41. Kg1 Ra1 42. Rf1 Rxb5 0-1

[Event "St Petersburg Korchnoi Memorial op"]
[Site "St Petersburg"]
[Date "2023.08.19"]
[Round "2"]
[White "Efimov, Leonid"]
[Black "Tsaruk, Maksim"]
[Result "0-1"]
[WhiteElo "1993"]
[BlackElo "2406"]
[PlyCount "76"]
[EventDate "2023.08.18"]
[EventType "swiss"]
[EventRounds "9"]
[EventCountry "RUS"]
[SourceTitle "EXT 2024"]
[Source "ChessBase"]
[SourceDate "2023.10.10"]
[SourceVersion "1"]
[SourceVersionDate "2023.10.10"]
[SourceQuality "1"]

1. Nf3 c5 2. g3 g6 3. Bg2 Bg7 4. 0-0 Nc6 5. c4 e6 6. e3 Nge7 7. Nc3 0-0 8. d4 cxd4 9. exd4 d5 10. cxd5 exd5 11. Re1 Be6 12. Bg5 Re8 13. Qd2 Qa5 14. a3 Nf5 15. b4 Qc7 16. Rac1 Qb6 17. Na4 Qa6 18. Nc5 Qxa3 19. Rb1 a5 20. Rb3 axb4 21. Rxa3 bxa3 22. Nd3 Ra4 23. Be3 a2 24. Ra1 Rea8 25. Nc1 Ncxd4 26. Nxd4 Bxd4 27. Rxa2 Rxa2 28. Nxa2 Bxe3 29. fxe3 d4 30. Nc1 dxe3 31. Qb2 Rd8 32. Bf3 h5 33. Qxb7 Nd4 34. Qe4 Nf5 35. Qe5 Bc4 36. Bxh5 gxh5 37. Qxf5 Rd1+ 38. Kg2 Bd5+ 0-1

[Event "Voronezh op"]
[Site "Voronezh"]
[Date "2023.06.17"]
[Round "2"]
[White "Efimov, Leonid"]
[Black "Popov, Maksim1111"]
[Result "0-1"]
[WhiteElo "2171"]
[BlackElo "2332"]
[PlyCount "74"]
[EventDate "2023.06.16"]
[EventType "swiss"]
[EventRounds "9"]
[EventCountry "RUS"]
[SourceTitle "CBM 214 Extra"]
[Source "ChessBase"]
[SourceDate "2023.07.31"]
[SourceVersion "1"]
[SourceVersionDate "2023.07.31"]
[SourceQuality "1"]

1. d4 Nf6 2. c4 e6 3. g3 c5 4. d5 exd5 5. cxd5 d6 6. Nc3 g6 7. Bg2 Bg7 8. Nf3 0-0 9. 0-0 Re8 10. Re1 a6 11. a4 Nbd7 12. e4 Ng4 13. Bg5 Qb6 14. Re2 Nde5 15. Ne1 Nc4 16. Nd3 Bd4 17. a5 Qa7 18. Qa4 Re5 19. Nxe5 Ngxe5 20. Qc2 Bg4 21. Ree1 b5 22. axb6 Qxb6 23. Rab1 Rb8 24. h3 Bxh3 25. Bxh3 Nf3+ 26. Kg2 Nxg5 27. Ne2 Bxf2 28. Qxc4 Bxe1 29. Rxe1 Qxb2 30. Qc1 Nxe4 31. Qxb2 Rxb2 32. Bc8 a5 33. Kf3 Nd2+ 34. Ke3 Nc4+ 35. Kd3 Nb6 36. Bb7 c4+ 37. Kc3 Na4+ 0-1

[Event "Chigorin Memorial 29th"]
[Site "St Petersburg"]
[Date "2022.10.23"]
[Round "2"]
[White "Efimov, Leonid"]
[Black "Chyndygyr, Tamerlan"]
[Result "1/2-1/2"]
[WhiteElo "1984"]
[BlackElo "2332"]
[PlyCount "73"]
[EventDate "2022.10.22"]
[EventType "swiss"]
[EventRounds "9"]
[EventCountry "RUS"]
[SourceTitle "EXT 2024"]
[Source "ChessBase"]
[SourceDate "2023.10.10"]
[SourceVersion "1"]
[SourceVersionDate "2023.10.10"]
[SourceQuality "1"]

1. d4 d5 2. c4 e6 3. Nf3 Nf6 4. g3 c6 5. Bg2 Be7 6. 0-0 0-0 7. Qc2 b6 8. Nbd2 Bb7 9. e4 Na6 10. e5 Nd7 11. a3 c5 12. dxc5 Naxc5 13. b4 Ne4 14. cxd5 exd5 15. Bb2 Qb8 16. Bh3 Rd8 17. Rad1 Nxd2 18. Rxd2 d4 19. e6 Ne5 20. Nxe5 Qxe5 21. exf7+ Kxf7 22. Re2 Qh5 23. Rfe1 Bf6 24. Qc7+ Kf8 25. Qxb7 Qxh3 26. Re7 Kg8 27. Rc7 Qf5 28. Rd1 Rab8 29. Qxa7 Qf3 30. Rxd4 Bxd4 31. Rxg7+ Kh8 32. Rxh7+ Kg8 33. Rg7+ Kh8 34. Rh7+ Kg8 35. Rg7+ Kh8 36. Rh7+ Kg8 37. Rg7+ 1/2-1/2

[Event "Cheliabinsk Panchenko Memorial op-A"]
[Site "Cheliabinsk"]
[Date "2021.09.20"]
[Round "9"]
[White "Efimov, Leonid"]
[Black "Zverev, Lev"]
[Result "1/2-1/2"]
[WhiteElo "1866"]
[BlackElo "2163"]
[PlyCount "73"]
[EventDate "2021.09.13"]
[EventType "swiss"]
[EventRounds "10"]
[EventCountry "RUS"]
[SourceTitle "CBM 204 Extra"]
[Source "ChessBase"]
[SourceDate "2021.11.30"]
[SourceVersion "1"]
[SourceVersionDate "2021.11.30"]
[SourceQuality "1"]

1. Nf3 d5 2. g3 e6 3. Bg2 Nf6 4. 0-0 Be7 5. d4 c6 6. c4 0-0 7. Nc3 a5 8. Nd2 b5 9. cxb5 cxb5 10. Nxb5 Qb6 11. Nc3 Qxd4 12. e4 Ba6 13. Nb3 Qa7 14. Re1 dxe4 15. Be3 Qc7 16. Nxe4 Nd5 17. Rc1 Qd8 18. Bc5 Bxc5 19. Nexc5 Bc8 20. Nd4 Na6 21. Nc6 Qf6 22. Bxd5 exd5 23. Ne7+ Kh8 24. Nxc8 Rfxc8 25. Nxa6 Rxc1 26. Qxc1 Qxa6 27. Qc7 Qb5 28. Qxf7 h6 29. b3 d4 30. Re7 Rg8 31. Rd7 Qd3 32. Qd5 Qb1+ 33. Kg2 Qxa2 34. Rd6 Rf8 35. Qxd4 Qxb3 36. Rxh6+ Kg8 37. Rb6 1/2-1/2

[Event "Bryansk Zilberstein Memorial 5th"]
[Site "Bryansk"]
[Date "2021.07.29"]
[Round "1"]
[White "Nozdrachev, Vladislav"]
[Black "Efimov, Leonid"]
[Result "1-0"]
[WhiteElo "2500"]
[BlackElo "1866"]
[PlyCount "79"]
[EventDate "2021.07.29"]
[EventType "swiss (rapid)"]
[EventRounds "11"]
[EventCountry "RUS"]
[SourceTitle "CBM 203 Extra"]
[Source "ChessBase"]
[SourceDate "2021.09.30"]
[SourceVersion "1"]
[SourceVersionDate "2021.09.30"]
[SourceQuality "1"]

1. e4 c5 2. Nf3 d6 3. d4 cxd4 4. Nxd4 Nf6 5. Nc3 g6 6. Be3 Bg7 7. f3 Nc6 8. Qd2 0-0 9. Bc4 Nxd4 10. Bxd4 Be6 11. Bxe6 fxe6 12. 0-0-0 Qa5 13. Kb1 Rac8 14. h4 a6 15. g4 Nd7 16. Bxg7 Kxg7 17. h5 g5 18. h6+ Kg6 19. e5 Nxe5 20. Rh5 Rxf3 21. Qxg5+ Kf7 22. Qg7+ Ke8 23. Qh8+ Rf8 24. Qxh7 Rxc3 25. Rxe5 Qxe5 26. bxc3 Qb5+ 27. Ka1 Qe2 28. Qg6+ Kd7 29. Rb1 Rf6 30. Qh7 Qe3 31. Qd3 Qxh6 32. Rxb7+ Ke8 33. Kb2 Qg7 34. Qxa6 Qxg4 35. Qa8+ Kf7 36. Qd8 Qf3 37. Qxe7+ Kg6 38. Qh7+ Kg5 39. Rg7+ Kf4 40. Qh4+ 1-0

[Event "Khanty-Mansiysk Governor Cup 16th"]
[Site "Khanty-Mansiysk"]
[Date "2020.12.08"]
[Round "9"]
[White "Zhukov, Anton"]
[Black "Efimov, Leonid"]
[Result "1-0"]
[WhiteElo "2233"]
[BlackElo "1711"]
[PlyCount "157"]
[EventDate "2020.11.30"]
[EventType "swiss"]
[EventRounds "9"]
[EventCountry "RUS"]
[SourceTitle "CBM 199 Extra"]
[Source "ChessBase"]
[SourceDate "2021.01.31"]
[SourceVersion "1"]
[SourceVersionDate "2021.01.31"]
[SourceQuality "1"]

1. d4 d5 2. c4 e6 3. Nf3 Nf6 4. g3 dxc4 5. Bg2 Bb4+ 6. Bd2 a5 7. 0-0 0-0 8. Qc2 Bxd2 9. Nbxd2 b5 10. a4 c6 11. e4 Na6 12. e5 Nb4 13. Qb1 Nfd5 14. Ne4 Nd3 15. Nd6 Rb8 16. Ne1 N5b4 17. Be4 Qb6 18. Nxd3 cxd3 19. Bxd3 Nxd3 20. Qxd3 Ba6 21. Rfc1 bxa4 22. Qd1 Bb5 23. Rc5 Rfd8 24. Rac1 Rxd6 25. exd6 Rd8 26. Qh5 Rxd6 27. Rd1 Rd5 28. Qf3 h6 29. Qc3 Rd6 30. Re1 Qd8 31. Re4 f5 32. Re1 Rxd4 33. Rxe6 Rd3 34. Qe1 Qd4 35. Rc1 Rd2 36. Re3 Kh7 37. h4 Qxb2 38. Rcc3 Be2 39. Kg2 Bg4 40. Rcd3 Rxd3 41. Rxd3 Qb4 42. Qe3 f4 43. gxf4 Bf5 44. Rc3 Qe4+ 45. Kh2 Kg6 46. Qxe4 Bxe4 47. Rc5 Bd5 48. Rxa5 Bb3 49. Kg3 Kf6 50. Kf3 h5 51. Ke3 g6 52. Ra6 Kf5 53. f3 Bd5 54. Rxa4 Kf6 55. Ra8 Ke6 56. Re8+ Kf7 57. Re5 Kf6 58. Rg5 Be6 59. Kd4 Bd5 60. f5 gxf5 61. f4 Bf3 62. Kc5 Bg4 63. Kxc6 Bf3+ 64. Kd6 Bg4 65. Rg8 Kf7 66. Rb8 Kf6 67. Rf8+ Kg7 68. Ke7 Bh3 69. Rf7+ Kg6 70. Rf6+ Kg7 71. Rb6 Bg4 72. Ke6 Kg6 73. Ke5+ Kg7 74. Rf6 Bh3 75. Rxf5 Bxf5 76. Kxf5 Kh6 77. Ke6 Kg7 78. f5 Kf8 79. Kf6 1-0

[Event "Khanty-Mansiysk Governor Cup 16th"]
[Site "Khanty-Mansiysk"]
[Date "2020.12.03"]
[Round "4"]
[White "Efimov, Leonid"]
[Black "Kodintsev, Lev I"]
[Result "1-0"]
[WhiteElo "1711"]
[BlackElo "1159"]
[PlyCount "73"]
[EventDate "2020.11.30"]
[EventType "swiss"]
[EventRounds "9"]
[EventCountry "RUS"]
[SourceTitle "CBM 199 Extra"]
[Source "ChessBase"]
[SourceDate "2021.01.31"]
[SourceVersion "1"]
[SourceVersionDate "2021.01.31"]
[SourceQuality "1"]

1. d4 Nf6 2. c4 e6 3. g3 d5 4. Bg2 c5 5. cxd5 Nxd5 6. e4 Nf6 7. d5 exd5 8. exd5 Bd6 9. Nc3 a6 10. a4 0-0 11. Nge2 Bf5 12. 0-0 Nbd7 13. Bf4 Nb6 14. Bxd6 Qxd6 15. a5 Nc4 16. b3 Nb2 17. Qd2 Nd3 18. h3 h6 19. Rad1 Nb4 20. Qf4 Qxf4 21. Nxf4 Rad8 22. d6 Rd7 23. Na4 Be4 24. Nxc5 Bxg2 25. Nxd7 Nxd7 26. Kxg2 Nc6 27. Nd5 Nxa5 28. b4 Nc4 29. Rd4 Ncb6 30. Nxb6 Nxb6 31. Rc1 Rd8 32. Rc7 Nc8 33. d7 Ne7 34. Rxb7 Nc6 35. Rd6 Ne5 36. f4 Nc4 37. Rc6 1-0

[Event "Wch U10"]
[Site "Weifang"]
[Date "2019.09.01"]
[Round "11"]
[White "Mamedov, Edgar"]
[Black "Efimov, Leonid"]
[Result "1-0"]
[WhiteElo "1714"]
[BlackElo "1773"]
[PlyCount "113"]
[EventDate "2019.08.21"]
[EventType "swiss"]
[EventRounds "11"]
[EventCountry "CHN"]
[SourceTitle "EXT 2020"]
[Source "ChessBase"]
[SourceDate "2019.10.17"]
[SourceVersion "1"]
[SourceVersionDate "2019.10.17"]
[SourceQuality "1"]

1. d4 d5 2. Nf3 Nf6 3. c4 e6 4. Nc3 c6 5. cxd5 exd5 6. Qc2 g6 7. Bg5 Be7 8. e3 Bf5 9. Bd3 Bxd3 10. Qxd3 Nbd7 11. 0-0 0-0 12. Qc2 Re8 13. Rab1 a5 14. a3 b5 15. Ne2 Rc8 16. Nf4 Ne4 17. Bxe7 Qxe7 18. Nd3 f6 19. Rfc1 Kg7 20. Nd2 Nd6 21. Nc5 f5 22. Qc3 a4 23. Nd3 Ne4 24. Qc2 h5 25. Nxe4 fxe4 26. Nc5 Nf6 27. Rf1 Ng4 28. h3 Nh6 29. Rbe1 Nf5 30. f3 exf3 31. Rxf3 Kh7 32. Qf2 Kg8 33. Nd3 Qg5 34. Ne5 Re6 35. Nxg6 Qxg6 36. Rxf5 Kh8 37. Qf3 Qg7 38. Rxh5+ Kg8 39. Qf5 Qf6 40. Qg4+ Kf8 41. Rf5 Rce8 42. Rxf6+ Rxf6 43. Rf1 Rxf1+ 44. Kxf1 Ke7 45. Qg6 Rf8+ 46. Ke2 Rf6 47. Qg7+ Rf7 48. Qg5+ Rf6 49. h4 Kf7 50. h5 c5 51. Qxd5+ Kg7 52. dxc5 Kh6 53. Qd6 Kg5 54. Qxf6+ Kxf6 55. c6 Kg5 56. c7 Kxh5 57. c8Q 1-0

[Event "Wch U10"]
[Site "Weifang"]
[Date "2019.08.31"]
[Round "10"]
[White "Efimov, Leonid"]
[Black "Bharadia, Yash"]
[Result "0-1"]
[WhiteElo "1773"]
[BlackElo "1963"]
[PlyCount "82"]
[EventDate "2019.08.21"]
[EventType "swiss"]
[EventRounds "11"]
[EventCountry "CHN"]
[SourceTitle "EXT 2020"]
[Source "ChessBase"]
[SourceDate "2019.10.17"]
[SourceVersion "1"]
[SourceVersionDate "2019.10.17"]
[SourceQuality "1"]

1. Nf3 d5 2. g3 Nf6 3. Bg2 Bg4 4. 0-0 Nbd7 5. d3 g6 6. h3 Bxf3 7. Bxf3 Bg7 8. e4 dxe4 9. dxe4 e5 10. Nd2 0-0 11. Qe2 c6 12. Rd1 Qc7 13. Nc4 b5 14. Nd2 Nc5 15. Nb3 Ne6 16. a4 a6 17. Be3 Rfe8 18. Nc5 Nd4 19. Bxd4 exd4 20. axb5 axb5 21. Rxa8 Rxa8 22. Nb3 Rd8 23. Nxd4 Nd7 24. c3 Ne5 25. Bg2 Qd7 26. Ra1 Nc4 27. b3 Bxd4 28. cxd4 Qxd4 29. Rc1 Ne5 30. g4 Qd6 31. Bf1 g5 32. Qe3 Qf6 33. Be2 h6 34. Qb6 Rd2 35. Qe3 Qf4 36. Rc3 b4 37. Qxf4 gxf4 38. Rc5 Nd7 39. Rxc6 Rxe2 40. Rxh6 Rb2 41. Rd6 Nc5 0-1

[Event "Wch U10"]
[Site "Weifang"]
[Date "2019.08.28"]
[Round "7"]
[White "Materia, Marco"]
[Black "Efimov, Leonid"]
[Result "0-1"]
[WhiteElo "2236"]
[BlackElo "1773"]
[PlyCount "90"]
[EventDate "2019.08.21"]
[EventType "swiss"]
[EventRounds "11"]
[EventCountry "CHN"]
[SourceTitle "EXT 2020"]
[Source "ChessBase"]
[SourceDate "2019.10.17"]
[SourceVersion "1"]
[SourceVersionDate "2019.10.17"]
[SourceQuality "1"]

1. d4 Nf6 2. c4 e6 3. Nc3 Bb4 4. e3 d5 5. Bd3 e5 6. dxe5 dxc4 7. Qa4+ Nc6 8. Bxc4 Ne4 9. a3 Bxc3+ 10. bxc3 Nc5 11. Qd1 Qe7 12. Nf3 Bg4 13. Be2 Bxf3 14. gxf3 Rd8 15. Qc2 Nxe5 16. 0-0 Rd6 17. Qf5 0-0 18. e4 Nb3 19. Rb1 Nxc1 20. Rfxc1 Rf6 21. Qh3 Ng6 22. Kh1 Nf4 23. Qf1 Rh6 24. Bc4 Qh4 25. Qg1 Rg6 26. Qg3 Rxg3 27. fxg3 Qh5 28. Rf1 Qc5 29. gxf4 Qxc4 30. Rg1 Qxc3 31. Rg3 Rd8 32. Rbg1 Rd3 33. e5 g6 34. Rf1 c5 35. f5 Qxe5 36. fxg6 fxg6 37. f4 Qe4+ 38. Rg2 Rd2 39. Rfg1 c4 40. f5 c3 41. fxg6 hxg6 42. h3 c2 43. Kh2 Rxg2+ 44. Rxg2 c1Q 45. Rxg6+ Qxg6 0-1

[Event "Wch U10"]
[Site "Weifang"]
[Date "2019.08.25"]
[Round "5"]
[White "Woodward, Andy"]
[Black "Efimov, Leonid"]
[Result "0-1"]
[WhiteElo "1522"]
[BlackElo "1773"]
[PlyCount "122"]
[EventDate "2019.08.21"]
[EventType "swiss"]
[EventRounds "11"]
[EventCountry "CHN"]
[SourceTitle "EXT 2020"]
[Source "ChessBase"]
[SourceDate "2019.10.17"]
[SourceVersion "1"]
[SourceVersionDate "2019.10.17"]
[SourceQuality "1"]

1. d4 d5 2. c4 e6 3. Nc3 c6 4. e4 dxe4 5. Nxe4 Bb4+ 6. Bd2 Qxd4 7. Bxb4 Qxe4+ 8. Ne2 Nd7 9. Qd6 a5 10. Bc3 Ngf6 11. b3 Qf5 12. f3 Qc5 13. Qxc5 Nxc5 14. Bxf6 gxf6 15. Nc3 e5 16. 0-0-0 f5 17. Bd3 Be6 18. Bc2 f6 19. Rhe1 h5 20. Ne2 h4 21. Kb2 Ke7 22. a3 Rhg8 23. g3 Rh8 24. f4 hxg3 25. hxg3 Rh2 26. Kb1 Rg8 27. Nc1 e4 28. Rg1 Bf7 29. Rde1 Ne6 30. g4 Rxc2 31. Kxc2 Nd4+ 32. Kc3 Nf3 33. Ref1 Nxg1 34. Rxg1 fxg4 35. f5 c5 36. Ne2 Be8 37. Ng3 Bc6 38. Rd1 Rh8 39. Rh1 Rxh1 40. Nxh1 e3 41. Ng3 Bf3 42. Kd3 e2 43. Nxe2 Bxe2+ 44. Kxe2 Kd6 45. Kf2 Ke5 46. Kg3 Kxf5 47. a4 b6 48. Kg2 Kf4 49. Kf2 g3+ 50. Kg2 Kg4 51. Kf1 f5 52. Kg1 f4 53. Kf1 f3 54. Kg1 f2+ 55. Kg2 Kf4 56. b4 axb4 57. a5 bxa5 58. Kf1 b3 59. Kg2 b2 60. Kh3 b1Q 61. Kh4 Qh7# 0-1

[Event "EU-ch U10"]
[Site "Bratislava"]
[Date "2019.08.08"]
[Round "7"]
[White "Sauer, Tim"]
[Black "Efimov, Leonid"]
[Result "0-1"]
[WhiteElo "1625"]
[BlackElo "1773"]
[PlyCount "104"]
[EventDate "2019.08.02"]
[EventType "swiss"]
[EventRounds "9"]
[EventCountry "SVK"]
[SourceTitle "EXT 2020"]
[Source "ChessBase"]
[SourceDate "2019.10.17"]
[SourceVersion "1"]
[SourceVersionDate "2019.10.17"]
[SourceQuality "1"]

1. c4 e6 2. Nf3 d5 3. g3 dxc4 4. Bg2 Nf6 5. 0-0 Nbd7 6. Qc2 Nb6 7. Na3 Bxa3 8. bxa3 Bd7 9. Bb2 Ba4 10. Qc3 Bc6 11. Qe5 Qd6 12. Qg5 Nbd7 13. Qxg7 Rg8 14. Qh6 Rg6 15. Qh4 Bd5 16. Rfe1 0-0-0 17. Bxf6 Nxf6 18. e4 Bc6 19. e5 Qxa3 20. Qxc4 Bxf3 21. Re3 Bd5 22. Qxd5 Qb2 23. Qxb7+ Qxb7 24. Bxb7+ Kxb7 25. exf6 Rxd2 26. Rf3 Rg5 27. Rb1+ Kc8 28. Ra3 Rf5 29. f4 Rxf6 30. Rxa7 Rc2 31. Rb3 e5 32. Ra8+ Kd7 33. Rd3+ Ke7 34. Re3 Rd6 35. Rxe5+ Kf6 36. Re1 Rdd2 37. Ra6+ Kg7 38. a4 Rg2+ 39. Kh1 Rxh2+ 40. Kg1 Rcg2+ 41. Kf1 Ra2 42. Kg1 Rag2+ 43. Kf1 Rxg3 44. a5 h5 45. Ra8 Ra3 46. Kg1 Raa2 47. a6 h4 48. a7 h3 49. Rg8+ Kxg8 50. a8Q+ Kg7 51. Kf1 Rxa8 52. Kg1 Raa2 0-1

[Event "EU-ch U10"]
[Site "Bratislava"]
[Date "2019.08.04"]
[Round "3"]
[White "Shearsby, Jude"]
[Black "Efimov, Leonid"]
[Result "1/2-1/2"]
[WhiteElo "1532"]
[BlackElo "1773"]
[PlyCount "102"]
[EventDate "2019.08.02"]
[EventType "swiss"]
[EventRounds "9"]
[EventCountry "SVK"]
[SourceTitle "EXT 2020"]
[Source "ChessBase"]
[SourceDate "2019.10.17"]
[SourceVersion "1"]
[SourceVersionDate "2019.10.17"]
[SourceQuality "1"]

1. d4 d5 2. Bf4 c5 3. e3 Nc6 4. Nc3 Nf6 5. Nb5 Qa5+ 6. c3 cxd4 7. exd4 e5 8. dxe5 Bg4 9. f3 Nh5 10. Be3 Be6 11. g4 d4 12. Nxd4 Qxe5 13. Nxc6 Qxe3+ 14. Qe2 Qb6 15. Nd4 Nf4 16. Qb5+ Bd7 17. Qxb6 axb6 18. Bc4 Bd6 19. 0-0-0 h5 20. Nb5 Bxb5 21. Bxb5+ Ke7 22. Kb1 f6 23. Ne2 Nxe2 24. Rhe1 Rad8 25. Rxe2+ Kf7 26. gxh5 Be5 27. Bc4+ Ke7 28. Rg1 Kf8 29. Reg2 Rd7 30. Be6 Re7 31. Bg4 f5 32. Bxf5 Rxh5 33. Be4 Rxh2 34. Rxh2 Bxh2 35. Rg6 Bc7 36. Bxb7 Kf7 37. Rg2 Kf6 38. Be4 g5 39. Kc2 Rg7 40. Kb3 Ke5 41. Rg4 Bd8 42. Kc4 Ra7 43. a3 Ra4+ 44. Kd3 Ra7 45. Rg2 Rd7+ 46. Ke3 Be7 47. Rd2 Bc5+ 48. Ke2 Rxd2+ 49. Kxd2 g4 50. Ke2 Kf4 51. Bc6 g3 1/2-1/2

[Event "EU-ch U10"]
[Site "Bratislava"]
[Date "2019.08.02"]
[Round "1"]
[White "Hasanli, Ziya"]
[Black "Efimov, Leonid"]
[Result "0-1"]
[WhiteElo "1348"]
[BlackElo "1773"]
[PlyCount "72"]
[EventDate "2019.08.02"]
[EventType "swiss"]
[EventRounds "9"]
[EventCountry "SVK"]
[SourceTitle "EXT 2020"]
[Source "ChessBase"]
[SourceDate "2019.10.17"]
[SourceVersion "1"]
[SourceVersionDate "2019.10.17"]
[SourceQuality "1"]

1. d4 d5 2. c4 e6 3. Nc3 c6 4. cxd5 exd5 5. Qc2 g6 6. e3 Bf5 7. Bd3 Bxd3 8. Qxd3 Nf6 9. Nf3 Be7 10. Bd2 0-0 11. 0-0 Nbd7 12. Rac1 Re8 13. Rfe1 Bd6 14. e4 dxe4 15. Nxe4 Nxe4 16. Rxe4 Rxe4 17. Qxe4 Nf6 18. Qd3 Qb6 19. Bg5 Nd5 20. Qe2 Bf4 21. Bxf4 Nxf4 22. Qd2 Ne6 23. g3 Rd8 24. Rd1 a5 25. Qc3 Rd5 26. Rd2 Qd8 27. Qe3 Qd6 28. Qh6 Nxd4 29. Nxd4 Rxd4 30. Re2 Rd1+ 31. Kg2 Qf8 32. Qg5 Qd8 33. Qe7 Qd5+ 34. Kh3 Rd4 35. Qe8+ Kg7 36. a3 Rh4+ 0-1